000 00738nam a2200253Ia 4500
003 OSt
005 20220925205800.0
006 a|||||r|||| 00| 0
007 ta
008 220923b |||||||| |||| 00| 0 eng d
037 _cGeneral Book
040 _aRTL
_cRTL
_beng
041 _2eng
_aeng
082 _aX0aY.73.N6, L1
100 _aGreenwood William T
_9127488
245 0 _aIssues in business and society
_b Readings and cases
250 _a2
260 _aHoughton
_bMifflin
_c1971
300 _aviii,547p
_ccm.
500 _aBibliography at the end of each chapter
650 _aEconomics IRT Sociology
942 _hX0aY.73.N6, L1
_cGB
_2CC
999 _c553177
_d553177